[Event "VI Memorial Gianfranco Molinari A"]
[Site "Milano ITA"]
[Date "2012.10.24"]
[Round "1"]
[White "Andreoni, Giuseppe"]
[Black "Nepi, Ezio"]
[WhiteElo "2118"]
[BlackElo "1914"]
[Result "0-1"]
[PlyCount "64"]
[EventDate "2012.10.24"]

1. e4 c5 2. Nc3 Nc6 3. Bb5 Nd4 4. Nf3 g6 5. Nxd4 cxd4 6. Ne2 a6 7. Bc4 Bg7 8.
c3 Nf6 9. e5 Ng4 10. cxd4 d5 11. Bb3 O-O 12. O-O Nh6 13. Ng3 Qb6 14. Qf3 Qxd4
15. Re1 Be6 16. Qe3 Qxe3 17. dxe3 Rfd8 18. f4 Nf5 19. Ne2 Rac8 20. Bd2 d4 21.
Bxe6 fxe6 22. e4 Ne3 23. Bxe3 dxe3 24. Nc3 Rd2 25. Rab1 Bh6 26. g3 g5 27. Ne2
Rcc2 28. Kf1 gxf4 29. gxf4 Kf7 30. a3 a5 31. b4 a4 32. Red1 Rxe2 0-1

[Event "VI Memorial Gianfranco Molinari A"]
[Site "Milano ITA"]
[Date "2012.10.24"]
[Round "1"]
[White "Bonazzi, Edoardo"]
[Black "Jara, Erik"]
[WhiteElo "2049"]
[BlackElo "2173"]
[Result "1/2-1/2"]
[PlyCount "98"]
[EventDate "2012.10.24"]

1. Nf3 Nf6 2. c4 g6 3. Nc3 Bg7 4. g3 d6 5. Bg2 e5 6. O-O O-O 7. d3 Nc6 8. Rb1
a5 9. a3 Bd7 10. b4 axb4 11. axb4 Qc8 12. Re1 Bh3 13. Bh1 Bg4 14. Bg5 h6 15.
Bxf6 Bxf6 16. Nd5 Bd8 17. b5 Nb8 18. Qd2 Kg7 19. Ra1 Nd7 20. Rxa8 Qxa8 21. Qb2
c6 22. Ra1 Qc8 23. Nc3 Nc5 24. Nd2 Qc7 25. Nde4 Nxe4 26. Nxe4 Be7 27. Nc3 Bd7
28. Bf3 f5 29. Ra7 Qb6 30. Qa3 Rd8 31. bxc6 bxc6 32. Ra6 Qc7 33. Ra7 Qb6 34.
Ra6 Qc7 35. Qa4 Rc8 36. Ra7 Qd8 37. Nd5 Kf8 38. Nxe7 Qxe7 39. Qa6 e4 40. Qxc8+
Bxc8 41. Rxe7 Kxe7 42. dxe4 c5 43. exf5 Bxf5 44. Bd5 Kf6 45. f4 g5 46. Kf2 Bg4
47. e3 Bd1 48. e4 Bg4 49. Ke3 Bd1 1/2-1/2

[Event "VI Memorial Gianfranco Molinari A"]
[Site "Milano ITA"]
[Date "2012.10.24"]
[Round "1"]
[White "Cazzaniga, Walter"]
[Black "Bemporad, Filippo"]
[WhiteElo "2151"]
[BlackElo "2040"]
[Result "1-0"]
[PlyCount "115"]
[EventDate "2012.10.24"]

1. c4 c5 2. Nc3 Nc6 3. g3 Nf6 4. Bg2 g6 5. Nf3 Bg7 6. O-O O-O 7. d4 cxd4 8.
Nxd4 Ng4 9. e3 Nge5 10. b3 d6 11. Bb2 Bg4 12. f3 Bd7 13. Qd2 Qc8 14. f4 Ng4 15.
Rad1 Rb8 16. Nd5 Re8 17. Nb5 Bxb2 18. Qxb2 Nh6 19. Nxd6 exd6 20. Nf6+ Kf8 21.
Nxh7+ Kg8 22. Nf6+ Kf8 23. Rxd6 Bh3 24. Nxe8 Bxg2 25. Kxg2 Qxe8 26. Qh8+ Ng8
27. Kf3 Rd8 28. Rfd1 Rxd6 29. Rxd6 Qe7 30. c5 b6 31. Qc3 b5 32. e4 Qb7 33. h4
b4 34. Qc4 Nge7 35. g4 Kg7 36. h5 Qc8 37. hxg6 Nxg6 38. Qd5 Qh8 39. Rxg6+ fxg6
40. Qd7+ Kf8 41. Qxc6 Qc3+ 42. Kf2 Qd2+ 43. Kg3 Qe1+ 44. Kh2 Qh4+ 45. Kg2 Qxg4+
46. Kf2 Qxf4+ 47. Ke2 Qh2+ 48. Kd3 Qxa2 49. Qf6+ Ke8 50. Qxg6+ Ke7 51. Qd6+ Kf7
52. Qd5+ Kg7 53. Kc4 a5 54. Kb5 a4 55. Kxb4 a3 56. c6 Qb2 57. c7 Qc1 58. Qd8
1-0

[Event "VI Memorial Gianfranco Molinari A"]
[Site "Milano ITA"]
[Date "2012.10.24"]
[Round "1"]
[White "Montani, Francesco"]
[Black "Gori, Andrea"]
[WhiteElo "2232"]
[BlackElo "2079"]
[Result "1/2-1/2"]
[PlyCount "61"]
[EventDate "2012.10.24"]

1. e4 e5 2. Bc4 Nc6 3. Nc3 Nf6 4. d3 Na5 5. Qf3 Nxc4 6. dxc4 b6 7. Nge2 Bb7 8.
Bd2 d6 9. g4 Qd7 10. g5 Ng8 11. O-O-O f5 12. gxf6 Nxf6 13. Nd5 O-O-O 14. Nxf6
gxf6 15. Ng3 f5 16. Nxf5 Qc6 17. Bg5 Rd7 18. Rhg1 Qxe4 19. Qxe4 Bxe4 20. Bf6
Bxf5 21. Bxh8 Bh6+ 22. Kb1 Rf7 23. Rg8+ Kb7 24. b3 Bg6 25. Rf1 Bf5 26. h4 Bg6
27. h5 Bxh5 28. Rh1 Rf5 29. Bg7 Bf7 30. Bxh6 Bxg8 31. Be3 1/2-1/2

[Event "VI Memorial Gianfranco Molinari A"]
[Site "Milano ITA"]
[Date "2012.11.06"]
[Round "1"]
[White "Papale, Carmelo"]
[Black "Gongalov, Bojan"]
[WhiteElo "1865"]
[BlackElo "2089"]
[Result "0-1"]
[PlyCount "31"]
[EventDate "2012.10.24"]

1. e4 Nf6 2. d3 c5 3. Nf3 Nc6 4. g3 d5 5. e5 Ng4 6. Qe2 Qc7 7. Bf4 g5 8. Nxg5
Nd4 9. Qd1 Nxe5 10. c3 Bg4 11. Qa4+ b5 12. cxd4 bxa4 13. dxe5 Bg7 14. Nc3 h6
15. Nh3 Bf3 16. Rg1 0-1

[Event "VI Memorial Gianfranco Molinari A"]
[Site "Milano ITA"]
[Date "2012.10.24"]
[Round "1"]
[White "Pelizzola, Danilo"]
[Black "Martinez, Rolly"]
[WhiteElo "2087"]
[BlackElo "2439"]
[Result "0-1"]
[PlyCount "98"]
[EventDate "2012.10.24"]

1. e4 c5 2. Nf3 Nc6 3. d4 cxd4 4. Nxd4 Qb6 5. Nb3 Nf6 6. Nc3 e6 7. Be3 Qc7 8.
g3 Bb4 9. Bg2 d5 10. O-O Bxc3 11. bxc3 O-O 12. exd5 Nxd5 13. Bxd5 exd5 14. Bd4
Bf5 15. Qd2 h6 16. f3 Rac8 17. Rfe1 Bg6 18. Re3 b6 19. Rae1 Rfd8 20. R1e2 Qd6
21. Qe1 Qa3 22. Re8+ Kh7 23. Rxd8 Rxd8 24. Qa1 Rc8 25. Bf2 Qa6 26. Re1 Rc7 27.
Nd4 Qa4 28. Qc1 Qxa2 29. Qf4 Nxd4 30. Bxd4 Qc4 31. Qd6 Qc6 32. Qf8 f6 33. Re7
Rxe7 34. Qxe7 a5 35. g4 a4 36. Kf2 Kg8 37. h4 Qe8 38. Qd6 Bxc2 39. Qxd5+ Kh7
40. Bxb6 Qb8 41. Bc5 Qh2+ 42. Ke1 Qxh4+ 43. Kd2 Qh2+ 44. Ke3 Qg1+ 45. Ke2 Qa1
46. Bd4 a3 47. Bxf6 Qd1+ 48. Qxd1 Bxd1+ 49. Kxd1 a2 0-1

[Event "VI Memorial Gianfranco Molinari A"]
[Site "Milano ITA"]
[Date "2012.10.24"]
[Round "1"]
[White "Virzi, Ettore"]
[Black "Cani, Gazmir"]
[WhiteElo "1977"]
[BlackElo "2136"]
[Result "0-1"]
[PlyCount "54"]
[EventDate "2012.10.24"]

1. e4 d5 2. exd5 Nf6 3. Bb5+ Nbd7 4. c4 a6 5. Ba4 b5 6. cxb5 Nb6 7. Bb3 axb5 8.
d4 Nbxd5 9. Nc3 b4 10. Na4 e6 11. Ne2 Be7 12. O-O O-O 13. Nc5 Ra5 14. Qc2 Nd7
15. Nd3 Bd6 16. Bd2 Bb7 17. Rae1 Qh4 18. g3 Qe4 19. Ne5 Qxc2 20. Bxc2 Nxe5 21.
dxe5 Bxe5 22. a3 c5 23. Bb3 Rb8 24. Rb1 Ba6 25. Rfe1 Bd3 26. axb4 Nxb4 27. Bxb4
Rxb4 0-1

[Event "VI Memorial Gianfranco Molinari A"]
[Site "Milano ITA"]
[Date "2012.10.25"]
[Round "2"]
[White "Bemporad, Filippo"]
[Black "Papale, Carmelo"]
[WhiteElo "2040"]
[BlackElo "1865"]
[Result "1-0"]
[PlyCount "51"]
[EventDate "2012.10.24"]

1. d4 Nf6 2. Nf3 g6 3. c4 c5 4. g3 Bg7 5. Bg2 O-O 6. O-O d6 7. b3 Nc6 8. Bb2
Bf5 9. d5 Nb4 10. Nbd2 Qd7 11. a3 Na6 12. Re1 Bh3 13. Bh1 h6 14. Qc2 Nc7 15.
Ne4 Ng4 16. Bxg7 Kxg7 17. Qc3+ Kg8 18. Bg2 Bxg2 19. Kxg2 f5 20. Ned2 f4 21. h3
Ne5 22. Nxe5 dxe5 23. Qxe5 Rf5 24. Qe4 Rg5 25. g4 Rf8 26. Nf3 1-0

[Event "VI Memorial Gianfranco Molinari A"]
[Site "Milano ITA"]
[Date "2012.10.25"]
[Round "2"]
[White "Cani, Gazmir"]
[Black "Miracola, Giorgia"]
[WhiteElo "2136"]
[BlackElo "1811"]
[Result "1-0"]
[PlyCount "59"]
[EventDate "2012.10.24"]

1. d4 Nf6 2. c4 g6 3. Nc3 d5 4. Nf3 Bg7 5. Qb3 dxc4 6. Qxc4 O-O 7. e4 Na6 8. e5
Nd7 9. e6 fxe6 10. Be3 Nb6 11. Qb3 Kh8 12. h4 Nd5 13. h5 Nxe3 14. fxe3 gxh5 15.
Rxh5 Qe8 16. Rh1 Qg6 17. O-O-O h6 18. Nh4 Qg5 19. Ne4 Qg4 20. Bd3 c5 21. Nxc5
Nxc5 22. dxc5 Rf6 23. Qb5 Qg5 24. Qe8+ Bf8 25. Ng6+ Kg7 26. Nf4 Qxc5+ 27. Kb1
Qxe3 28. Nh5+ Kg8 29. Nxf6+ exf6 30. Bg6 1-0

[Event "VI Memorial Gianfranco Molinari A"]
[Site "Milano ITA"]
[Date "2012.10.25"]
[Round "2"]
[White "Gori, Andrea"]
[Black "Bonazzi, Edoardo"]
[WhiteElo "2079"]
[BlackElo "2049"]
[Result "1-0"]
[PlyCount "83"]
[EventDate "2012.10.24"]

1. e4 c6 2. d4 d5 3. exd5 cxd5 4. c4 Nf6 5. Nc3 e6 6. Nf3 Be7 7. c5 b6 8. b4 a5
9. Na4 Nfd7 10. Bb5 O-O 11. Bf4 bxc5 12. bxc5 Ba6 13. Rb1 Bxb5 14. Rxb5 Nc6 15.
O-O Bf6 16. Re1 Re8 17. Bd6 Be7 18. Bg3 Bf6 19. Bd6 Be7 20. Bg3 Bf6 21. Nb6 Ra7
22. Nxd7 Qxd7 23. a4 g6 24. h3 Bg7 25. Rb6 f6 26. Qd3 e5 27. Qb5 Rc7 28. Rd1 f5
29. dxe5 Nxe5 30. c6 Qe6 31. Nd4 Qf7 32. Qc5 f4 33. Bh2 Rec8 34. Qb5 Nc4 35.
Rb7 Nd6 36. Rxc7 Rxc7 37. Qb8+ Bf8 38. Bxf4 Rc8 39. Bxd6 Rxb8 40. Bxb8 Bg7 41.
c7 Qd7 42. Nb5 1-0

[Event "VI Memorial Gianfranco Molinari A"]
[Site "Milano ITA"]
[Date "2012.10.25"]
[Round "2"]
[White "Martinez, Rolly"]
[Black "Gongalov, Bojan"]
[WhiteElo "2439"]
[BlackElo "2089"]
[Result "1-0"]
[PlyCount "109"]
[EventDate "2012.10.24"]

1. e4 Nf6 2. e5 Nd5 3. c4 Nb6 4. d4 d6 5. exd6 exd6 6. Nc3 Be7 7. Bd3 O-O 8.
Nge2 c5 9. d5 Re8 10. O-O Bg4 11. Qc2 Bxe2 12. Nxe2 h6 13. Ng3 Bf6 14. Nf5 Be5
15. f4 Bf6 16. Bd2 Na6 17. a3 Bd4+ 18. Nxd4 cxd4 19. b4 Rc8 20. Qb3 Qf6 21.
Rac1 Nc7 22. Rfe1 Rxe1+ 23. Rxe1 Nd7 24. Re4 b5 25. cxb5 Nb6 26. Qb2 Ncxd5 27.
Qxd4 Kf8 28. a4 Nc3 29. Bxc3 Rxc3 30. a5 Rc1+ 31. Bf1 Qxd4+ 32. Rxd4 Nc8 33.
Rc4 Rxc4 34. Bxc4 Ne7 35. Kf2 d5 36. b6 axb6 37. a6 Nc6 38. Bxd5 Na7 39. Ke3
Ke7 40. Ke4 Nb5 41. h4 g6 42. Bc4 Na7 43. g4 f6 44. h5 f5+ 45. Kf3 Kf6 46. gxf5
gxf5 47. Ke3 Ke7 48. Kd3 Kd6 49. Bb3 Nb5 50. Kc4 Na7 51. Kd3 Nb5 52. Ba4 Na7
53. Kc4 Nc8 54. Bc2 Kc6 55. b5+ 1-0

[Event "VI Memorial Gianfranco Molinari A"]
[Site "Milano ITA"]
[Date "2012.10.25"]
[Round "2"]
[White "Nepi, Ezio"]
[Black "Cazzaniga, Walter"]
[WhiteElo "1914"]
[BlackElo "2151"]
[Result "0-1"]
[PlyCount "94"]
[EventDate "2012.10.24"]

1. d4 Nf6 2. c4 g6 3. Nc3 d5 4. Bg5 Ne4 5. Bf4 Nxc3 6. bxc3 c6 7. e3 Bg7 8. Nf3
O-O 9. Be2 dxc4 10. Bxc4 b5 11. Bd3 Bf5 12. Bxf5 gxf5 13. Ne5 f6 14. Nd3 Qd5
15. O-O Nd7 16. Qh5 e5 17. Bh6 Bxh6 18. Qxh6 Rf7 19. Rad1 Rg7 20. Qh3 Kh8 21.
dxe5 Nxe5 22. Nf4 Qe4 23. Kh1 Rag8 24. Rd4 Qc2 25. Nh5 Rg6 26. Nf4 R6g7 27. Qh4
Rg5 28. h3 Qxa2 29. Qh6 Qf7 30. Rd6 Qg7 31. Qxf6 Qxf6 32. Rxf6 Rc8 33. Rd1 a5
34. Re6 Nc4 35. Rd7 Rg7 36. Ree7 Rxe7 37. Rxe7 a4 38. Nh5 Kg8 39. Nf6+ Kf8 40.
Rxh7 Rd8 41. Rd7 Rxd7 42. Nxd7+ Ke7 43. Nc5 Nd2 44. Nd3 c5 45. h4 a3 46. Nc1 b4
47. cxb4 cxb4 0-1

[Event "VI Memorial Gianfranco Molinari A"]
[Site "Milano ITA"]
[Date "2012.10.25"]
[Round "2"]
[White "Petrone, Gianmario"]
[Black "Pelizzola, Danilo"]
[WhiteElo "1968"]
[BlackElo "2087"]
[Result "1/2-1/2"]
[PlyCount "41"]
[EventDate "2012.10.24"]

1. e4 e5 2. Nf3 Nc6 3. Bb5 a6 4. Bxc6 dxc6 5. O-O f6 6. d4 exd4 7. Nxd4 c5 8.
Nb3 Qxd1 9. Rxd1 Bd6 10. Nc3 Ne7 11. Be3 b6 12. a4 Bb7 13. f3 O-O-O 14. a5 Be5
15. Nd2 Bd4 16. Bxd4 cxd4 17. Na4 b5 18. Nc5 Nc6 19. Ndb3 Rd6 20. Rd2 Rhd8 21.
Rad1 1/2-1/2

[Event "VI Memorial Gianfranco Molinari A"]
[Site "Milano ITA"]
[Date "2012.10.25"]
[Round "2"]
[White "Virzi, Ettore"]
[Black "Andreoni, Giuseppe"]
[WhiteElo "1977"]
[BlackElo "2118"]
[Result "1-0"]
[PlyCount "57"]
[EventDate "2012.10.24"]

1. e4 c5 2. Nf3 d6 3. d4 cxd4 4. Nxd4 Nf6 5. Nc3 e6 6. g4 h6 7. Rg1 Nc6 8. Be3
Bd7 9. Qd2 a6 10. Be2 Rc8 11. f4 b5 12. Bf3 Nxd4 13. Bxd4 Bc6 14. O-O-O Qc7 15.
Rge1 Bb7 16. Kb1 Nd7 17. Nd5 exd5 18. exd5+ Kd8 19. Qe3 Qxc2+ 20. Ka1 Rc4 21.
Bb6+ Nxb6 22. Qxb6+ Kd7 23. Qxb7+ Rc7 24. Qxa6 Qc5 25. Be2 Be7 26. Bxb5+ Kd8
27. Qa8+ Rc8 28. Qa5+ Rc7 29. Rc1 1-0

[Event "VI Memorial Gianfranco Molinari A"]
[Site "Milano ITA"]
[Date "2012.10.26"]
[Round "3"]
[White "Andreoni, Giuseppe"]
[Black "Papale, Carmelo"]
[WhiteElo "2118"]
[BlackElo "1865"]
[Result "1-0"]
[PlyCount "53"]
[EventDate "2012.10.24"]

1. e4 c5 2. Nf3 d6 3. d4 cxd4 4. Nxd4 Nf6 5. Nc3 a6 6. Bg5 e6 7. f4 Be7 8. Qf3
Qc7 9. O-O-O Nbd7 10. Bd3 b5 11. Rhe1 Bb7 12. Qg3 h6 13. Bxf6 Bxf6 14. Bxb5 O-O
15. Bxd7 Qxd7 16. e5 dxe5 17. Nf5 Qc6 18. Nxh6+ Kh8 19. Qh3 Qxg2 20. Nxf7+ Kg8
21. Qxg2 Bxg2 22. Nxe5 Be7 23. Rg1 Bh3 24. Rd7 Bf6 25. Ne4 Bxe5 26. fxe5 Rf7
27. Rxf7 1-0

[Event "VI Memorial Gianfranco Molinari A"]
[Site "Milano ITA"]
[Date "2012.10.26"]
[Round "3"]
[White "Cazzaniga, Walter"]
[Black "Martinez, Rolly"]
[WhiteElo "2151"]
[BlackElo "2439"]
[Result "0-1"]
[PlyCount "88"]
[EventDate "2012.10.24"]

1. d4 Nf6 2. c4 e6 3. Nf3 d5 4. Nc3 Be7 5. Bg5 h6 6. Bh4 O-O 7. e3 b6 8. Be2
Bb7 9. Bxf6 Bxf6 10. cxd5 exd5 11. b4 c6 12. O-O a5 13. bxa5 Rxa5 14. a4 Nd7
15. Rb1 g6 16. Qb3 Qe7 17. Rfd1 Bg7 18. Bd3 f5 19. Qb4 Qe6 20. Qb3 Ba6 21. Bxa6
Rxa6 22. Re1 Re8 23. h3 Kh7 24. Rbd1 Qd6 25. Qc2 Raa8 26. Rb1 Re7 27. h4 Rf8
28. Ne2 c5 29. Rbd1 Re4 30. a5 cxd4 31. Nexd4 bxa5 32. Nb5 Qa6 33. Rxd5 Nf6 34.
Rc5 Qa8 35. Qd3 Re7 36. Nfd4 Ne4 37. Rc6 h5 38. Qa3 Rd7 39. Rc4 Qd8 40. g3 f4
41. Qd3 Re8 42. Rec1 fxe3 43. fxe3 Qe7 44. Rf1 Qe5 0-1

[Event "VI Memorial Gianfranco Molinari A"]
[Site "Milano ITA"]
[Date "2012.10.26"]
[Round "3"]
[White "Gongalov, Bojan"]
[Black "Gori, Andrea"]
[WhiteElo "2089"]
[BlackElo "2079"]
[Result "1-0"]
[PlyCount "163"]
[EventDate "2012.10.24"]

1. Nf3 Nf6 2. g3 g6 3. Bg2 Bg7 4. O-O d5 5. c4 e6 6. d4 O-O 7. Qc2 c6 8. Rd1
Nbd7 9. Bf4 Qe7 10. Ne5 Nh5 11. Nxd7 Bxd7 12. Be5 f6 13. Bc7 Be8 14. Ba5 f5 15.
Qd2 Rf7 16. Bb4 Qc7 17. Na3 Nf6 18. Qc2 Rc8 19. Bd2 e5 20. dxe5 Qxe5 21. Bf4
Qe6 22. Rac1 Rd8 23. Bg5 h6 24. cxd5 cxd5 25. Be3 a6 26. Qb3 Rfd7 27. Bb6 Ra8
28. e3 Bf7 29. Nc2 Ne4 30. Nd4 Qe8 31. Rc2 Rc8 32. Rdc1 Rc4 33. Bf1 Rxc2 34.
Qxc2 Be5 35. Nf3 Bf6 36. Bd4 Bxd4 37. Nxd4 Nd6 38. Qc5 Qd8 39. b3 Kg7 40. Nf3
Qf6 41. Qd4 Re7 42. Qxf6+ Kxf6 43. Nd4 Rd7 44. a4 Re7 45. a5 Bg8 46. Rc5 Ne4
47. Rc8 Bf7 48. b4 Nd6 49. Rb8 Nc4 50. Nb3 Rc7 51. h4 Be6 52. Bg2 Bf7 53. Bf3
g5 54. hxg5+ hxg5 55. Rd8 Ke7 56. Rh8 Kf6 57. Nd4 Nd6 58. Rh6+ Ke7 59. Kg2 Rc4
60. Bh5 Bxh5 61. Rxh5 Rxb4 62. Rxg5 Kf6 63. Rh5 Kg6 64. g4 fxg4 65. Rxd5 Ne4
66. Re5 Nf6 67. Kg3 b6 68. Nc6 Rb2 69. Ne7+ Kf7 70. Nf5 Kg6 71. Nh4+ Kf7 72.
axb6 Rxb6 73. Nf5 Rb4 74. Re7+ Kf8 75. Re6 Ne4+ 76. Kg2 a5 77. Nd4 Nc5 78. Rc6
Nd3 79. Rd6 a4 80. Rd8+ Kf7 81. Nc6 Rb2 82. Rxd3 1-0

[Event "VI Memorial Gianfranco Molinari A"]
[Site "Milano ITA"]
[Date "2012.10.26"]
[Round "3"]
[White "Jara, Erik"]
[Black "Cani, Gazmir"]
[WhiteElo "2173"]
[BlackElo "2136"]
[Result "1-0"]
[PlyCount "84"]
[EventDate "2012.10.24"]

1. c4 e5 2. Nc3 Bb4 3. g3 Nf6 4. Bg2 Bxc3 5. bxc3 O-O 6. Nf3 Re8 7. O-O d6 8.
d3 Nbd7 9. Nh4 Rb8 10. e4 c6 11. Bg5 h6 12. Be3 Nc5 13. h3 Nh7 14. Nf5 b6 15.
f4 Bxf5 16. exf5 Rc8 17. Qd2 e4 18. d4 Nd7 19. g4 Qf6 20. Qf2 d5 21. h4 h5 22.
g5 Qxf5 23. Kh2 dxc4 24. Bh3 Qd5 25. f5 c5 26. Rad1 Qd6+ 27. Bf4 e3 28. Qg3 Qe7
29. f6 Qe4 30. Rfe1 Red8 31. Bg2 Qc2 32. Qxe3 cxd4 33. Rxd4 Ndf8 34. Re2 Qf5
35. Bh3 Qb1 36. fxg7 Ng6 37. Bxc8 Rxc8 38. Bg3 b5 39. Red2 Qf5 40. Rd8+ Rxd8
41. Rxd8+ Kxg7 42. Qd4+ f6 1-0

[Event "VI Memorial Gianfranco Molinari A"]
[Site "Milano ITA"]
[Date "2012.10.26"]
[Round "3"]
[White "Miracola, Giorgia"]
[Black "Virzi, Ettore"]
[WhiteElo "1811"]
[BlackElo "1977"]
[Result "1/2-1/2"]
[PlyCount "20"]
[EventDate "2012.10.24"]

1. Nf3 Nf6 2. g3 g6 3. Bg2 Bg7 4. d4 d5 5. O-O O-O 6. c4 dxc4 7. Qa4 c6 8. Qxc4
Be6 9. Qa4 Nbd7 10. Nc3 Nb6 1/2-1/2

[Event "VI Memorial Gianfranco Molinari A"]
[Site "Milano ITA"]
[Date "2012.10.26"]
[Round "3"]
[White "Montani, Francesco"]
[Black "Petrone, Gianmario"]
[WhiteElo "2232"]
[BlackElo "1968"]
[Result "1-0"]
[PlyCount "57"]
[EventDate "2012.10.24"]

1. d4 Nf6 2. Bg5 c5 3. d5 Qb6 4. Nc3 d6 5. e4 Qxb2 6. Bd2 Qb6 7. f4 e6 8. Rb1
Qc7 9. Bb5+ Bd7 10. Nf3 Be7 11. dxe6 fxe6 12. Ng5 O-O 13. Bc4 h6 14. Nxe6 Bxe6
15. Bxe6+ Kh8 16. Nd5 Nxd5 17. exd5 Nd7 18. Qg4 Nf6 19. Qg6 c4 20. Bc3 Qc5 21.
Ke2 Qa3 22. Bd4 Qa6 23. Bf5 Kg8 24. g4 c3+ 25. Kf3 Qxa2 26. Be6+ Kh8 27. Rxb7
Rae8 28. h4 Qc4 29. Rd1 1-0

[Event "VI Memorial Gianfranco Molinari A"]
[Site "Milano ITA"]
[Date "2012.10.26"]
[Round "3"]
[White "Nepi, Ezio"]
[Black "Bemporad, Filippo"]
[WhiteElo "1914"]
[BlackElo "2040"]
[Result "0-1"]
[PlyCount "54"]
[EventDate "2012.10.24"]

1. d4 Nf6 2. c4 e6 3. g3 Bb4+ 4. Bd2 Be7 5. Bg2 d5 6. Nf3 O-O 7. O-O b6 8. cxd5
Nxd5 9. Nc3 Bb7 10. Rc1 Nd7 11. Nxd5 Bxd5 12. Qa4 c5 13. Be3 cxd4 14. Bxd4 Nc5
15. Bxc5 Bxc5 16. e4 Bb7 17. Rfd1 Qe8 18. Qc2 Rc8 19. Qe2 Qe7 20. Ne5 Rfd8 21.
a3 a5 22. Qb5 Qg5 23. Rxd8+ Rxd8 24. Rxc5 bxc5 25. f4 Qe7 26. Nc4 Qd7 27. Qxa5
Qd4+ 0-1

[Event "VI Memorial Gianfranco Molinari A"]
[Site "Milano ITA"]
[Date "2012.10.26"]
[Round "3"]
[White "Pelizzola, Danilo"]
[Black "Bonazzi, Edoardo"]
[WhiteElo "2087"]
[BlackElo "2049"]
[Result "1/2-1/2"]
[PlyCount "94"]
[EventDate "2012.10.24"]

1. e4 c5 2. Nf3 e6 3. d4 cxd4 4. Nxd4 Nc6 5. Be3 a6 6. Be2 Nf6 7. Nd2 Qc7 8.
O-O Be7 9. f4 Nxd4 10. Bxd4 Bc5 11. c3 d6 12. Bf3 e5 13. fxe5 dxe5 14. Nb3 Bb6
15. Bxb6 Qxb6+ 16. Kh1 O-O 17. Qe2 Be6 18. Qf2 Qxf2 19. Rxf2 Rad8 20. Kg1 Rd6
21. Kf1 Rfd8 22. Ke1 Kf8 23. Rd2 Rxd2 24. Nxd2 Ke7 25. Ke2 Nd7 26. Ke3 Nc5 27.
Be2 b5 28. b3 g6 29. Nf3 f6 30. Rd1 Rxd1 31. Bxd1 Bd7 32. b4 Nb7 33. Bb3 Nd6
34. g3 Bc6 35. Nd2 f5 36. c4 bxc4 37. Nxc4 Nxc4+ 38. Bxc4 Bxe4 39. Bxa6 Kd6 40.
a4 Bd5 41. a5 g5 42. Bc8 f4+ 43. gxf4 gxf4+ 44. Kd3 Kc6 45. Bf5 h6 46. Be4
Bxe4+ 47. Kxe4 Kb5 1/2-1/2

[Event "VI Memorial Gianfranco Molinari A"]
[Site "Milano ITA"]
[Date "2012.10.27"]
[Round "4"]
[White "Bonazzi, Edoardo"]
[Black "Andreoni, Giuseppe"]
[WhiteElo "2049"]
[BlackElo "2118"]
[Result "1/2-1/2"]
[PlyCount "34"]
[EventDate "2012.10.24"]

1. c4 g6 2. Nc3 c5 3. g3 Bg7 4. Bg2 Nf6 5. Nf3 O-O 6. O-O d5 7. Nxd5 Nxd5 8.
cxd5 Qxd5 9. d3 Nc6 10. Be3 Bg4 11. Nd4 Qh5 12. Nxc6 bxc6 13. Qc2 Rab8 14. Rab1
Bd4 15. Bxd4 cxd4 16. Rfe1 c5 17. b3 Rfc8 1/2-1/2

[Event "VI Memorial Gianfranco Molinari A"]
[Site "Milano ITA"]
[Date "2012.10.27"]
[Round "4"]
[White "Cani, Gazmir"]
[Black "Bemporad, Filippo"]
[WhiteElo "2136"]
[BlackElo "2040"]
[Result "1-0"]
[PlyCount "89"]
[EventDate "2012.10.24"]

1. d4 Nf6 2. c4 e6 3. Nf3 Bb4+ 4. Nbd2 O-O 5. g3 b6 6. Bg2 Bb7 7. O-O Be7 8.
Qc2 d6 9. e4 Nbd7 10. b3 c5 11. Bb2 Qc7 12. e5 Ng4 13. h3 Nh6 14. Ne4 Nf5 15.
exd6 Nxd6 16. Neg5 g6 17. h4 Nf5 18. dxc5 bxc5 19. Rad1 Nf6 20. Be5 Qc8 21. Qb2
Ng4 22. Bc3 f6 23. Nh3 e5 24. Qe2 Qc7 25. Rfe1 Rad8 26. h5 Rfe8 27. hxg6 hxg6
28. Nfg5 Rxd1 29. Rxd1 Ngh6 30. Ne6 Qc8 31. Bd5 Bxd5 32. cxd5 Nd4 33. Qc4 Nhf5
34. Bxd4 Nxd4 35. Nc7 Qxh3 36. Rxd4 cxd4 37. d6+ Kh7 38. Nxe8 Bd8 39. Nc7 Qd7
40. Qe6 Qg7 41. Ne8 Qb7 42. Nxf6+ Bxf6 43. Qxf6 d3 44. Qxe5 Qc6 45. Qe7+ 1-0

[Event "VI Memorial Gianfranco Molinari A"]
[Site "Milano ITA"]
[Date "2012.10.27"]
[Round "4"]
[White "Gongalov, Bojan"]
[Black "Cazzaniga, Walter"]
[WhiteElo "2089"]
[BlackElo "2151"]
[Result "1-0"]
[PlyCount "53"]
[EventDate "2012.10.24"]

1. d4 Nf6 2. c4 g6 3. Nc3 Bg7 4. e4 d6 5. Be2 O-O 6. Nf3 e5 7. O-O Nc6 8. d5
Ne7 9. Ne1 Ne8 10. Nd3 f5 11. f3 f4 12. Bd2 g5 13. c5 Rf6 14. Qb3 Rg6 15. Rfc1
Kh8 16. h3 h5 17. Qd1 Ng8 18. b4 Nh6 19. Nf2 Bf6 20. Be1 g4 21. fxg4 hxg4 22.
Bxg4 Bxg4 23. Nxg4 Nxg4 24. hxg4 Bh4 25. Qf3 Bxe1 26. Rxe1 Qh4 27. Qh3 1-0

[Event "VI Memorial Gianfranco Molinari A"]
[Site "Milano ITA"]
[Date "2012.10.27"]
[Round "4"]
[White "Gori, Andrea"]
[Black "Virzi, Ettore"]
[WhiteElo "2079"]
[BlackElo "1977"]
[Result "1-0"]
[PlyCount "105"]
[EventDate "2012.10.24"]

1. e4 e5 2. Nf3 Nc6 3. Bb5 a6 4. Ba4 Nf6 5. O-O b5 6. Bb3 Bc5 7. c3 d6 8. a4
Rb8 9. d4 Bb6 10. axb5 axb5 11. h3 O-O 12. Bg5 h6 13. Bd5 Bd7 14. Bh4 g5 15.
Bg3 exd4 16. cxd4 Nxd5 17. exd5 Ne7 18. Qb3 Nf5 19. Rd1 Qf6 20. Qd3 Rfe8 21.
Nc3 Nxd4 22. Nxd4 Bxd4 23. Ne4 Qf5 24. Qxd4 Qxe4 25. Qf6 Qg6 26. Qxg6+ fxg6 27.
Ra7 Re2 28. Rxc7 Bf5 29. b4 Rb2 30. Bxd6 Rb1 31. Rxb1 Bxb1 32. Bc5 Rd8 33. d6
Bf5 34. Rb7 Bd7 35. Bb6 Bc6 36. Bxd8 Bxb7 37. Bxg5 Bc8 38. Bxh6 Kf7 39. Be3 Ke6
40. Bc5 Kf5 41. f3 Bd7 42. Kf2 Kf4 43. g3+ Ke5 44. Ke3 Bxh3 45. g4 Ke6 46. Kf4
Bg2 47. Kg3 Bf1 48. f4 Bd3 49. Kh4 Bf1 50. Kg5 Bh3 51. f5+ gxf5 52. gxf5+ Kd7
53. Kg6 1-0

[Event "VI Memorial Gianfranco Molinari A"]
[Site "Milano ITA"]
[Date "2012.10.27"]
[Round "4"]
[White "Martinez, Rolly"]
[Black "Jara, Erik"]
[WhiteElo "2439"]
[BlackElo "2173"]
[Result "1-0"]
[PlyCount "105"]
[EventDate "2012.10.24"]

1. e4 c5 2. Nc3 e6 3. g3 Nc6 4. Bg2 Nf6 5. Nge2 d5 6. exd5 Nxd5 7. Nxd5 exd5 8.
d4 Be6 9. O-O Qd7 10. Be3 c4 11. Nf4 Bb4 12. b3 Na5 13. Bd2 Bxd2 14. Qxd2 b6
15. Rfe1 O-O 16. Re3 Rae8 17. Rae1 cxb3 18. cxb3 Nc6 19. Qc3 Rc8 20. Nxe6 fxe6
21. Rxe6 Nd8 22. Rd6 Qxd6 23. Qxc8 Qf6 24. Bxd5+ Kh8 25. Qc2 Qxd4 26. Be4 Nf7
27. Rd1 Qf6 28. h4 Ne5 29. Qe2 g6 30. Rd2 h5 31. Kg2 Ng4 32. f3 Ne5 33. Qe3 Kg7
34. Qd4 Rf7 35. Qd6 Rd7 36. Qxf6+ Kxf6 37. Rxd7 Nxd7 38. Kf2 Nc5 39. Ke3 g5 40.
hxg5+ Kxg5 41. Kd4 h4 42. gxh4+ Kxh4 43. b4 Na6 44. a3 Nc7 45. Ke5 Nb5 46. Bd3
Nxa3 47. b5 Kg3 48. Ke4 Kh4 49. f4 Kh5 50. f5 Kh6 51. Ke5 Kg7 52. Ke6 Kf8 53.
Kf6 1-0

[Event "VI Memorial Gianfranco Molinari A"]
[Site "Milano ITA"]
[Date "2012.10.27"]
[Round "4"]
[White "Miracola, Giorgia"]
[Black "Montani, Francesco"]
[WhiteElo "1811"]
[BlackElo "2232"]
[Result "0-1"]
[PlyCount "44"]
[EventDate "2012.10.24"]

1. e4 e5 2. Nf3 Nc6 3. Bc4 Bc5 4. c3 Qe7 5. O-O d6 6. Re1 Nf6 7. d4 Bb6 8. h3
h6 9. Na3 g5 10. Nc2 g4 11. hxg4 Nxg4 12. Ne3 Nxe3 13. Rxe3 Bg4 14. Qd2 Qf6 15.
Bb5 Rg8 16. Nh2 O-O-O 17. Bxc6 bxc6 18. a4 exd4 19. Rg3 dxc3 20. bxc3 Be6 21.
Rxg8 Rxg8 22. e5 Qg6 0-1